000 00703nam a2200241 i 4500
001 182156
003 ES-MaACL
005 20231022171252.0
008 130620s2012 sp | |||||||| | spa d
020 _a978-84-9998-128-4
080 _a821.134.2-31"19"
100 1 _aReina, Manuel Francisco.
_996026
245 1 4 _aLos amores oscuros /
_cManuel Francisco Reina.
250 _a1ª ed.
260 _aMadrid :
_bTemas de Hoy,
_c2012.
300 _a604 p. ;
_c24 cm.
490 1 _aTH novela
504 _aBibliografía: p. 601-604.
830 0 _aTH novela
_9224802
852 _aES-MaACL
_jA-12724
_9189067
_bR.148855
_cDEPO1
_dOlim: N-5724
942 _2udc
_cMONOGRAFIA
999 _c182156
_d182156